00421nam a2200133 i 4500001000300000100001900003245007200022260001900094700001900113040000800132041000800140008004100148856009800189bg1 aVARLAMOV, I.W. 0aMikroprocessory v bytovoj technike /cI.W. Varlamov, I.L. Kasatkin. aMoskva,c1987.1 aKASATKIN, I.L. cBPK apol s pl f |000 0 pol  uhttp://koha.tu.koszalin.pl/cgi-bin/koha/opac-detail.pl?biblionumber=23772yKatalog online BPK